<?xml version="1.0" encoding="UTF-8"?><?xml-stylesheet type="text/xsl" href="static/style.xsl"?><OAI-PMH xmlns="http://www.openarchives.org/OAI/2.0/" xmlns:xsi="http://www.w3.org/2001/XMLSchema-instance" xsi:schemaLocation="http://www.openarchives.org/OAI/2.0/ http://www.openarchives.org/OAI/2.0/OAI-PMH.xsd"><responseDate>2026-04-17T01:20:46Z</responseDate><request verb="GetRecord" identifier="oai:www.recercat.cat:2445/152985" metadataPrefix="marc">https://recercat.cat/oai/request</request><GetRecord><record><header><identifier>oai:recercat.cat:2445/152985</identifier><datestamp>2025-12-04T20:56:40Z</datestamp><setSpec>com_2072_1057</setSpec><setSpec>col_2072_478796</setSpec><setSpec>col_2072_478917</setSpec></header><metadata><record xmlns="http://www.loc.gov/MARC21/slim" xmlns:dcterms="http://purl.org/dc/terms/" xmlns:xsi="http://www.w3.org/2001/XMLSchema-instance" xmlns:doc="http://www.lyncode.com/xoai" xsi:schemaLocation="http://www.loc.gov/MARC21/slim http://www.loc.gov/standards/marcxml/schema/MARC21slim.xsd">
   <leader>00925njm 22002777a 4500</leader>
   <datafield ind2=" " ind1=" " tag="042">
      <subfield code="a">dc</subfield>
   </datafield>
   <datafield ind2=" " ind1=" " tag="720">
      <subfield code="a">Dos Santos, Alexsandro Jhones</subfield>
      <subfield code="e">author</subfield>
   </datafield>
   <datafield ind2=" " ind1=" " tag="720">
      <subfield code="a">Sirés Sadornil, Ignacio</subfield>
      <subfield code="e">author</subfield>
   </datafield>
   <datafield ind2=" " ind1=" " tag="720">
      <subfield code="a">Alves, Ana P.M.</subfield>
      <subfield code="e">author</subfield>
   </datafield>
   <datafield ind2=" " ind1=" " tag="720">
      <subfield code="a">Martínez-Huitle, Carlos Alberto</subfield>
      <subfield code="e">author</subfield>
   </datafield>
   <datafield ind2=" " ind1=" " tag="720">
      <subfield code="a">Brillas, Enric</subfield>
      <subfield code="e">author</subfield>
   </datafield>
   <datafield ind2=" " ind1=" " tag="260">
      <subfield code="c">2020-03-18T12:12:25Z</subfield>
   </datafield>
   <datafield ind2=" " ind1=" " tag="260">
      <subfield code="c">2022-09-14T05:10:23Z</subfield>
   </datafield>
   <datafield ind2=" " ind1=" " tag="260">
      <subfield code="c">2020-09-14</subfield>
   </datafield>
   <datafield ind2=" " ind1=" " tag="260">
      <subfield code="c">2020-03-18T12:12:26Z</subfield>
   </datafield>
   <datafield ind2=" " ind1=" " tag="520">
      <subfield code="a">Modified sodium vermiculite, an iron-rich clay mineral, has been used in novel heterogeneous electrochemical Fenton-based treatments, so-called electro-Fenton (EF)-vermiculite, UVA photoelectro-Fenton (PEF)-vermiculite and solar photoelectro-Fenton (SPEF)-vermiculite. Tests were made with 130 mL of 0.150 mM Ponceau SS diazo dye in 0.050 M Na2SO4 at pH 3.0, in the presence of 1.0 g L-1 catalyst microparticles. The electrolyses were performed in an undivided cell with a boron-doped diamond anode (BDD) and air-diffusion cathode for H2O2 production, at 33.3 mA cm-2. Decolorization and mineralization were upgraded in the sequence: EF-vermiculite &lt; PEF-vermiculite &lt; SPEF-vermiculite. The removal of organics occurred by the combined action of ¿OH oxidant formed at the BDD surface and homogeneous and heterogeneous Fenton's reactions, along with the photolysis caused by UVA light or sunlight. The homogeneous Fenton's reaction resulted from iron ions leaching, but the heterogeneous mechanism was prevalent. Comparative treatments by anodic oxidation in the presence of H2O2 and homogeneous EF were less effective than EF-vermiculite. The diazo dye absorbance decays agreed with a pseudo-first-order kinetics. SPEF-vermiculite was the most powerful process, yielding total decolorization and 84.1% mineralization after 300 and 360 min, respectively. The influence of catalyst concentration, current density and diazo dye content on PEF-vermiculite performance was examined. Oxalic, oxamic, malic, tartronic and acetic acids were detected as final short-linear carboxylic acids.</subfield>
   </datafield>
   <datafield tag="653" ind2=" " ind1=" ">
      <subfield code="a">Depuració de l'aigua</subfield>
   </datafield>
   <datafield tag="653" ind2=" " ind1=" ">
      <subfield code="a">Oxidació electroquímica</subfield>
   </datafield>
   <datafield tag="653" ind2=" " ind1=" ">
      <subfield code="a">Catàlisi</subfield>
   </datafield>
   <datafield tag="653" ind2=" " ind1=" ">
      <subfield code="a">Water purification</subfield>
   </datafield>
   <datafield tag="653" ind2=" " ind1=" ">
      <subfield code="a">Electrolytic oxidation</subfield>
   </datafield>
   <datafield tag="653" ind2=" " ind1=" ">
      <subfield code="a">Catalysis</subfield>
   </datafield>
   <datafield ind2="0" ind1="0" tag="245">
      <subfield code="a">Vermiculite as heterogeneous catalyst in electrochemical Fenton-based processes: Application to the oxidation of Ponceau SS dye</subfield>
   </datafield>
</record></metadata></record></GetRecord></OAI-PMH>